[Event "26th EUR-ch"]
[Site "Katowice POL"]
[Date "2026.04.08"]
[Round "2.78"]
[White "Ioannidis, Evgenios"]
[Black "Brzezina, Piotr"]
[Result "0-1"]
[WhiteElo "2487"]
[BlackElo "2327"]
[EventDate "2026.04.07"]
[PlyCount "96"]

1.c4 Nf6 2.Nc3 d5 3.cxd5 Nxd5 4.g3 c5 5.Bg2 Nc7 6.a3 Nc6 7.Bxc6+ bxc6 8.
Nf3 f6 9.Qa4 e5 10.Qxc6+ Bd7 11.Qe4 Bd6 12.Nh4 g6 13.f4 f5 14.Qe3 Qe7 15.
fxe5 Bxe5 16.Nf3 Bf6 17.Qxe7+ Kxe7 18.O-O Bc6 19.d3 Ne6 20.Be3 Rab8 21.Ra2
Kd7 22.Nd2 Rhe8 23.Nc4 Nd4 24.b4 Nb3 25.Rb1 Rxe3 26.Rxb3 Re7 27.b5 Ba8 28.
Na4 Bd4+ 29.e3 Bxe3+ 30.Nxe3 Rxe3 31.Nxc5+ Kd6 32.Rc2 Re1+ 33.Kf2 Rbe8 34.
Rb4 Rh1 35.Rd4+ Bd5 36.Nb7+ Ke5 37.Rh4 Kf6 38.Nc5 g5 39.Rxh7 Kg6 40.Rh3 g4
41.Rh4 Bf3 42.Ne4 fxe4 43.Rc6+ Kg7 44.Rc7+ Kg8 45.dxe4 Rxe4 46.Rc8+ Kg7 
47.Rc7+ Kf6 48.Rc6+ Ke5 0-1

[Event "26th EUR-ch"]
[Site "Katowice POL"]
[Date "2026.04.08"]
[Round "2.79"]
[White "Lewtak, Damian"]
[Black "Licznerski, Lukasz"]
[Result "0-1"]
[WhiteElo "2331"]
[BlackElo "2486"]
[EventDate "2026.04.07"]
[PlyCount "213"]

1.e4 c6 2.d4 d5 3.exd5 cxd5 4.Nf3 Nc6 5.Ne5 e6 6.Bb5 Bd7 7.Nxd7 Qxd7 8.c3 
Nf6 9.O-O Bd6 10.Re1 Qc7 11.h3 Bh2+ 12.Kf1 Bf4 13.Nd2 O-O 14.Bd3 e5 15.
dxe5 Nxe5 16.Nf3 Nxf3 17.Qxf3 Bxc1 18.Raxc1 Qh2 19.Qg3 Qxg3 20.fxg3 Rfe8 
21.Rcd1 Kf8 22.Rxe8+ Rxe8 23.Bc2 Ke7 24.Kf2 Kd6 25.c4 Re5 26.Kf3 h6 27.
cxd5 Nxd5 28.g4 b5 29.Bd3 a6 30.Rd2 Re3+ 31.Kf2 Re5 32.Kf3 Kc5 33.Be4 Nf6 
34.Rc2+ Kb4 35.Bb7 Re7 36.Bxa6 Ra7 37.Rc6 Nd7 38.a3+ Ka4 39.Rd6 Ne5+ 40.
Ke4 Nc4 41.Rc6 Nxb2 42.Kd4 Ka5 43.Bc8 Nc4 44.Bf5 Nxa3 45.Kc3 b4+ 46.Kb3 
Kb5 47.Rc8 Nc4 48.Rb8+ Kc5 49.Rc8+ Kb5 50.Rb8+ Nb6 51.Rg8 g6 52.Bd3+ Kc5 
53.Rf8 Ra3+ 54.Kc2 Nd7 55.Rc8+ Kd6 56.Bb5 Ne5 57.Kb2 Kd5 58.Rh8 Rg3 59.
Rxh6 Nc4+ 60.Ka1 Rxg2 61.Rh8 b3 62.Rd8+ Kc5 63.Bxc4 Kxc4 64.Rf8 Kc3 65.
Rc8+ Kd4 66.Rf8 Rf2 67.h4 Ke5 68.h5 Kf6 69.hxg6 Kxg6 70.Rb8 b2+ 71.Kb1 Rg2
72.Rg8+ Kh7 73.Rg5 Rf2 74.Ka2 f6 75.Rb5 Kg6 76.Rd5 Rg2 77.Rd1 Rc2 78.Rd5 
Rf2 79.Kb1 Rg2 80.Rd1 Kg5 81.Rf1 Rxg4 82.Kxb2 Rc4 83.Rg1+ Rg4 84.Rf1 Rc4 
85.Rg1+ Kf4 86.Rf1+ Ke5 87.Re1+ Kd5 88.Rd1+ Ke6 89.Re1+ Kf7 90.Rf1 Rc8 91.
Kb3 Kg6 92.Rg1+ Kf7 93.Rf1 Kg6 94.Rg1+ Kh5 95.Rf1 Kg5 96.Rg1+ Kh4 97.Rf1 
Rf8 98.Kc4 f5 99.Kd4 Kg3 100.Rg1+ Kf2 101.Rg7 f4 102.Ke4 f3 103.Ra7 Kg2 
104.Rg7+ Kf1 105.Ke3 f2 106.Ra7 Kg2 107.Kd4 0-1

[Event "26th EUR-ch"]
[Site "Katowice POL"]
[Date "2026.04.08"]
[Round "2.80"]
[White "Quparadze, Giga"]
[Black "Trushko, Andrii"]
[Result "1-0"]
[WhiteElo "2484"]
[BlackElo "2325"]
[EventDate "2026.04.07"]
[PlyCount "117"]

1.e4 e5 2.Nf3 Nc6 3.Bb5 a6 4.Ba4 Nf6 5.d3 b5 6.Bb3 Be7 7.a4 Bb7 8.O-O O-O 
9.Nbd2 d6 10.Re1 Na5 11.Ba2 c5 12.Nf1 Bc8 13.Ng3 Be6 14.Bxe6 fxe6 15.c3 
Qd7 16.h3 h6 17.Be3 Kh7 18.Nf1 Nc6 19.g4 b4 20.Ng3 bxc3 21.bxc3 Rf7 22.g5 
Ng8 23.h4 Raf8 24.Nh2 g6 25.Qg4 Bd8 26.Reb1 Qe7 27.h5 Rg7 28.Nf3 gxh5 29.
Nxh5 Nf6 30.Nxf6+ Qxf6 31.Kg2 Kg8 32.Rh1 Qg6 33.Rh5 Bxg5 34.Nxg5 hxg5 35.
Rah1 Qf6 36.Rh6 Rg6 37.Rh7 Rf7 38.Qh5 Rfg7 39.Rh8+ Kf7 40.Qg4 Rg8 41.R8h3 
Ke8 42.Rb1 Rh6 43.Rf3 Qg6 44.Rg3 Qh5 45.Qxh5+ Rxh5 46.Rb7 Kd8 47.Rf3 Re8 
48.Rg7 g4 49.Rff7 Re7 50.Rxe7 Nxe7 51.Bg5 Rxg5 52.Rxg5 Nc8 53.a5 Ne7 54.
Rxg4 Nc6 55.Rg7 Nxa5 56.Ra7 Nb3 57.Rxa6 Kd7 58.Kf3 c4 59.Rb6 1-0

[Event "26th EUR-ch"]
[Site "Katowice POL"]
[Date "2026.04.08"]
[Round "2.81"]
[White "Saraci, Nderim"]
[Black "Grebeniuk, Semen"]
[Result "1-0"]
[WhiteElo "2483"]
[BlackElo "2324"]
[EventDate "2026.04.07"]
[PlyCount "99"]

1.d4 Nf6 2.c4 g6 3.Nf3 Bg7 4.g3 O-O 5.Bg2 d6 6.O-O Nc6 7.Nc3 a6 8.Bf4 h6 
9.h3 Rb8 10.Rc1 b5 11.b3 b4 12.Na4 e6 13.Qc2 Bd7 14.Rfd1 Ne7 15.e4 Bc6 16.
d5 Bxa4 17.bxa4 e5 18.Be3 Nd7 19.c5 f5 20.cxd6 cxd6 21.Qc7 fxe4 22.Nd2 Nc5
23.Qxd8 Rfxd8 24.Bxc5 dxc5 25.Nxe4 Nxd5 26.Rxc5 Nc3 27.Nxc3 bxc3 28.Rxd8+ 
Rxd8 29.Rxc3 Bf8 30.Be4 g5 31.a5 Bb4 32.Rc4 Rd4 33.Rxd4 exd4 34.Bd3 Bxa5 
35.Bxa6 Kf7 36.Kg2 Kf6 37.f4 Be1 38.Kf3 h5 39.Bd3 h4 40.fxg5+ Kxg5 41.g4 
Bc3 42.Ke4 Kf6 43.a4 Kg5 44.Ke5 Bd2 45.Kxd4 Kf4 46.Bf5 Kg3 47.Kd3 Bb4 48.
g5 Kf4 49.g6 Bf8 50.a5 1-0

[Event "26th EUR-ch"]
[Site "Katowice POL"]
[Date "2026.04.08"]
[Round "2.82"]
[White "Krawczyk, Flawian"]
[Black "Nemec, Jachym"]
[Result "0-1"]
[WhiteElo "2329"]
[BlackElo "2482"]
[EventDate "2026.04.07"]
[PlyCount "64"]

1.e4 c6 2.Nf3 d5 3.e5 Bg4 4.Be2 e6 5.O-O Ne7 6.d4 Nf5 7.h3 Bxf3 8.Bxf3 Nd7
9.c3 Rc8 10.Bg4 Ne7 11.b4 b6 12.Be2 Qc7 13.Ba6 Ra8 14.a4 g6 15.g4 h5 16.
Kg2 hxg4 17.hxg4 f6 18.f4 g5 19.Rh1 Rg8 20.fxg5 fxe5 21.Rh7 Bg7 22.Qh1 Nf8
23.Rh3 exd4 24.Ra2 Nfg6 25.Bd3 Kd7 26.cxd4 Nf4+ 27.Bxf4 Qxf4 28.Rf2 Qxg5 
29.Be2 Bxd4 30.Rf7 Raf8 31.Rhh7 Rxf7 32.Rxf7 Rh8 0-1

[Event "26th EUR-ch"]
[Site "Katowice POL"]
[Date "2026.04.08"]
[Round "2.83"]
[White "Hercegovac, Neven"]
[Black "Ohanian, Emin"]
[Result "0-1"]
[WhiteElo "2325"]
[BlackElo "2481"]
[EventDate "2026.04.07"]
[PlyCount "112"]

1.e4 e5 2.Nf3 Nf6 3.Nxe5 d6 4.Nf3 Nxe4 5.Nc3 Nxc3 6.dxc3 Be7 7.Be3 O-O 8.
Qd3 Nd7 9.O-O-O Nc5 10.Qc4 Be6 11.Qf4 Qc8 12.Be2 a5 13.Kb1 a4 14.a3 d5 15.
Nd4 Ne4 16.g4 Ra5 17.c4 Bd6 18.Qf3 Be5 19.Qg2 c6 20.f4 Bb8 21.Bf3 Re8 22.
Rhe1 Bd7 23.Bc1 Ba7 24.c3 Bxd4 25.Bxe4 Bxg4 26.Rxd4 Rxe4 27.Rdxe4 Bf5 28.
cxd5 cxd5 29.Ka1 Bxe4 30.Qf2 Ra6 31.Rg1 Rg6 32.Rg3 Rxg3 33.hxg3 Qc4 34.Be3
Qd3 35.Qe1 h5 36.Bd4 f6 37.Bb6 Kf7 38.Bd4 b5 39.Bc5 Ke6 40.Bd4 Kf5 41.Bc5 
Kg4 42.Be3 Kh3 43.Bf2 Kg2 44.Qg1+ Kf3 45.Bc5 Kg4 46.Bf2 Bf3 47.Qb1 Be2 48.
Be1 Kf3 49.Qc1 Qd1 50.Qxd1 Bxd1 51.c4 bxc4 52.Kb1 d4 53.Kc1 Ke2 54.Bb4 Bb3
55.Bf8 d3 56.Bb4 g5 0-1

[Event "26th EUR-ch"]
[Site "Katowice POL"]
[Date "2026.04.08"]
[Round "2.84"]
[White "Bronstein, Or"]
[Black "Dyachuk, Artem"]
[Result "1/2-1/2"]
[WhiteElo "2481"]
[BlackElo "2323"]
[EventDate "2026.04.07"]
[PlyCount "51"]

1.e4 e5 2.Nf3 Nc6 3.Bb5 a6 4.Ba4 Nf6 5.O-O Be7 6.d3 b5 7.Bb3 O-O 8.a4 Rb8 
9.axb5 axb5 10.Nc3 d6 11.h3 Nb4 12.Qe2 c5 13.Nd1 Nc6 14.Bg5 Nd7 15.Bd2 Nb6
16.Ne3 Be6 17.Nd5 Bxd5 18.Bxd5 Qc7 19.Bb3 c4 20.Ba2 Rfc8 21.c3 Na4 22.dxc4
b4 23.cxb4 Nxb4 24.Rfc1 Nc5 25.Bxb4 Rxb4 26.Ne1 1/2-1/2

[Event "26th EUR-ch"]
[Site "Katowice POL"]
[Date "2026.04.08"]
[Round "2.85"]
[White "Zawadzka, Jolanta"]
[Black "Ilinca, Felix-Antonio"]
[Result "0-1"]
[WhiteElo "2324"]
[BlackElo "2481"]
[EventDate "2026.04.07"]
[PlyCount "68"]

1.e4 c5 2.Nf3 e6 3.g3 Nc6 4.Bg2 Nf6 5.Nc3 d6 6.O-O Be7 7.d4 cxd4 8.Nxd4 
O-O 9.Nb3 Bd7 10.Bf4 Ne5 11.Qd4 Qc7 12.Rad1 b5 13.a4 Nc4 14.Nxb5 Bxb5 15.
axb5 e5 16.Qc3 exf4 17.e5 dxe5 18.Bxa8 Rxa8 19.Nd2 Rc8 20.Nxc4 Qxc4 21.
Qxe5 Bc5 22.Qf5 Bb6 23.c3 fxg3 24.hxg3 h6 25.Kg2 Rc5 26.Qd3 Qb3 27.Rd2 
Rxb5 28.Qf3 Qe6 29.Re2 Qd7 30.c4 Rf5 31.Qa8+ Kh7 32.Rh1 Qd3 33.Rhe1 Nd5 
34.cxd5 Qf3+ 0-1

[Event "26th EUR-ch"]
[Site "Katowice POL"]
[Date "2026.04.08"]
[Round "2.86"]
[White "Babazada, Khazar"]
[Black "Qalichava, Akaki"]
[Result "1-0"]
[WhiteElo "2480"]
[BlackElo "2322"]
[EventDate "2026.04.07"]
[PlyCount "55"]

1.e4 c5 2.Nf3 e6 3.d4 cxd4 4.Qxd4 Nc6 5.Qe3 Nf6 6.Nc3 d5 7.exd5 Nxd5 8.
Nxd5 Qxd5 9.Bd3 Be7 10.O-O O-O 11.Qe2 Bf6 12.c3 Rd8 13.Rd1 Qa5 14.Bf4 Bd7 
15.h4 Ne7 16.Bg5 Nd5 17.Qe4 g6 18.c4 Bxg5 19.Nxg5 Nb4 20.Qxb7 h6 21.Bxg6 
hxg5 22.Rxd7 Rxd7 23.Qxd7 fxg6 24.Qxe6+ Kg7 25.Rd1 gxh4 26.Rd7+ Kh6 27.
Qe3+ Kh5 28.Rh7+ 1-0

[Event "26th EUR-ch"]
[Site "Katowice POL"]
[Date "2026.04.08"]
[Round "2.87"]
[White "Baerwinkel, Tobias"]
[Black "Sipila, Vilka"]
[Result "0-1"]
[WhiteElo "2323"]
[BlackElo "2479"]
[EventDate "2026.04.07"]
[PlyCount "58"]

1.e4 c5 2.Nf3 d6 3.d4 cxd4 4.Nxd4 Nf6 5.Nc3 a6 6.f3 e5 7.Nb3 Be6 8.Be3 Be7
9.Qd2 O-O 10.O-O-O Nbd7 11.g4 b5 12.g5 Nh5 13.Nd5 Bxd5 14.exd5 f6 15.gxf6 
Bxf6 16.Na5 Qe8 17.Kb1 Bd8 18.Nb7 Be7 19.Bh3 Nf4 20.Be6+ Kh8 21.Qc3 Rf6 
22.Bxf4 exf4 23.Rhe1 Ne5 24.Re4 Qh5 25.Bg4 Nxg4 26.Rxe7 Ne3 27.Nxd6 Nxd1 
28.Qd4 Ne3 29.Ne4 Qxd5 0-1

[Event "26th EUR-ch"]
[Site "Katowice POL"]
[Date "2026.04.08"]
[Round "2.88"]
[White "Bazakutsa, Svyatoslav"]
[Black "Yilmaz, Baver"]
[Result "1-0"]
[WhiteElo "2477"]
[BlackElo "2321"]
[EventDate "2026.04.07"]
[PlyCount "205"]

1.c4 e5 2.g3 Nf6 3.Bg2 d5 4.cxd5 Nxd5 5.Nf3 Nc6 6.O-O Nb6 7.b3 f6 8.Bb2 
Be7 9.Nc3 O-O 10.d4 Nxd4 11.Nxd4 exd4 12.Nb5 c5 13.Qd3 a6 14.Na3 Nd7 15.e3
Ne5 16.Qe4 Kh8 17.exd4 cxd4 18.Nc2 d3 19.Ne3 Bc5 20.Bxe5 fxe5 21.Rad1 Bd4 
22.Rxd3 Ra7 23.Qd5 Qf6 24.Nc2 Be6 25.Qf3 Bf5 26.Rd2 Bxc2 27.Rxc2 b5 28.Qg4
Raf7 29.Bd5 Qf5 30.Qxf5 Rxf5 31.Kg2 R5f6 32.Be4 g6 33.f3 R8f7 34.h4 Kg7 
35.Rfc1 Be3 36.Rd1 Bd4 37.Kh3 Rd6 38.h5 gxh5 39.Kh4 Kh6 40.Rc8 Rdf6 41.
Rdc1 Be3 42.R1c7 Bg5+ 43.Kh3 Rg7 44.Rxg7 Kxg7 45.Re8 Bd2 46.Rxe5 Bb4 47.
Rg5+ Kf8 48.Rxh5 h6 49.Kg4 Bd6 50.Rh2 Ke7 51.Rc2 Kd7 52.f4 Bc7 53.Kh5 Bd6 
54.Bf3 Bc7 55.Rd2+ Ke7 56.Bg4 Bb6 57.Bc8 a5 58.Ba6 a4 59.bxa4 bxa4 60.Bd3 
Rd6 61.Re2+ Kf7 62.Bc2 a3 63.Kg4 Kf8 64.Kh5 Kf7 65.Be4 Kg7 66.Rc2 Re6 67.
Rc4 Rd6 68.Rc3 Re6 69.Rb3 Bc5 70.Rc3 Be7 71.Rc4 Rb6 72.Rc7 Re6 73.Bd5 Re3 
74.Kg4 Kg6 75.Rc6+ Bf6 76.Kh3 h5 77.Kg2 h4 78.gxh4 Kf5 79.h5 Bd4 80.h6 
Re2+ 81.Kg3 Re7 82.Bf3 Bf6 83.Ra6 Kg6 84.h7 Re8 85.Bh5+ Kxh5 86.Rxf6 Rg8+ 
87.Kf3 Rh8 88.Rf7 Kg6 89.Ra7 Rc8 90.Ke4 Re8+ 91.Kd4 Rd8+ 92.Kc4 Kf5 93.
Rxa3 Kxf4 94.Rh3 Rh8 95.a4 Kg5 96.a5 Kg6 97.Kb5 Kg7 98.Ka4 Kf6 99.a6 Ke7 
100.Kb5 Kd7 101.Kb6 Rb8+ 102.Ka7 Rh8 103.Kb7 1-0

[Event "26th EUR-ch"]
[Site "Katowice POL"]
[Date "2026.04.08"]
[Round "2.89"]
[White "Fiedorek, Michal"]
[Black "Tarhan, Adar"]
[Result "1/2-1/2"]
[WhiteElo "2323"]
[BlackElo "2477"]
[EventDate "2026.04.07"]
[PlyCount "66"]

1.e4 e5 2.Nf3 Nc6 3.Bc4 Bc5 4.c3 Nf6 5.d3 d6 6.b4 Bb6 7.a4 a5 8.b5 Ne7 9.
Nbd2 O-O 10.O-O Ng6 11.d4 exd4 12.cxd4 Bg4 13.Qb3 Bxf3 14.Nxf3 Nxe4 15.Bd5
Nf6 16.Bxb7 Rb8 17.Bc6 Ne7 18.Qc2 Nxc6 19.Qxc6 Qe8 20.Qc2 Qe4 21.Qxe4 Nxe4
22.Bb2 Rfe8 23.Rfd1 Re7 24.Ne1 Rbe8 25.Nd3 Nf6 26.Re1 Re2 27.Kf1 Rd2 28.
Rad1 Ree2 29.Bc3 Rxe1+ 30.Kxe1 Rc2 31.Rc1 Ra2 32.Ra1 Rc2 33.Rc1 Ra2 
1/2-1/2

[Event "26th EUR-ch"]
[Site "Katowice POL"]
[Date "2026.04.08"]
[Round "2.90"]
[White "Warchol, Kamil"]
[Black "Pantsulaia, Levan"]
[Result "1/2-1/2"]
[WhiteElo "2322"]
[BlackElo "2472"]
[EventDate "2026.04.07"]
[PlyCount "30"]

1.e4 c5 2.c3 d5 3.exd5 Qxd5 4.d4 Nf6 5.Nf3 Bg4 6.Nbd2 Nbd7 7.Qb3 Bxf3 8.
Nxf3 e6 9.Be2 cxd4 10.Qxd5 Nxd5 11.Nxd4 a6 12.Bf3 O-O-O 13.Bxd5 exd5 14.
Be3 Ne5 15.O-O-O Ng4 1/2-1/2

[Event "26th EUR-ch"]
[Site "Katowice POL"]
[Date "2026.04.08"]
[Round "2.91"]
[White "Lavrencic, Matic"]
[Black "Gibala, Adam"]
[Result "1-0"]
[WhiteElo "2472"]
[BlackElo "2317"]
[EventDate "2026.04.07"]
[PlyCount "93"]

1.e4 e6 2.d4 d5 3.e5 c5 4.c3 Nc6 5.Nf3 Qb6 6.a3 Nh6 7.Bd3 cxd4 8.O-O Bd7 
9.b4 a6 10.h3 Rc8 11.Bxh6 gxh6 12.c4 dxc4 13.Bxc4 Bg7 14.Re1 Qc7 15.Nbd2 
Nxe5 16.Nxe5 Bxe5 17.Qg4 Kf8 18.Nf3 Bf6 19.Bd3 Rg8 20.Qh5 Qf4 21.Bxh7 Rg7 
22.Be4 Ke7 23.Rad1 Ba4 24.Rd2 Rc3 25.Bxb7 Bc2 26.Qa5 Bf5 27.Kh1 Kf8 28.
Rxd4 Qb8 29.Rd7 e5 30.Nxe5 Kg8 31.Nc6 Qf4 32.Ne7+ Bxe7 33.Rdxe7 Qxf2 34.
R7e2 Qf4 35.b5 Qg3 36.bxa6 Bxh3 37.a7 Bxg2+ 38.Bxg2 Qh4+ 39.Kg1 Qd4+ 40.
Rf2 Rxg2+ 41.Kxg2 Qg4+ 42.Kf1 Qc4+ 43.Kg1 Rg3+ 44.Rg2 Rxg2+ 45.Kxg2 Qg4+ 
46.Kf2 Qf5+ 47.Qxf5 1-0

[Event "26th EUR-ch"]
[Site "Katowice POL"]
[Date "2026.04.08"]
[Round "2.92"]
[White "Kucza, Karol"]
[Black "Akbas, Umut Ata"]
[Result "1-0"]
[WhiteElo "2319"]
[BlackElo "2470"]
[EventDate "2026.04.07"]
[PlyCount "115"]

1.e4 c5 2.Nf3 d6 3.d4 cxd4 4.Nxd4 Nf6 5.Nc3 a6 6.Be3 e5 7.Nb3 Be7 8.h3 h5 
9.Be2 Nbd7 10.a4 b6 11.O-O Bb7 12.Qd3 Rc8 13.Nd5 Nxd5 14.exd5 g6 15.c4 a5 
16.Nd2 O-O 17.Ne4 Ba6 18.b3 f5 19.Nc3 Bf6 20.Rae1 e4 21.Qc2 Qe7 22.f4 Qg7 
23.Rc1 Nc5 24.Kh2 h4 25.Rg1 Kf7 26.Na2 Bd4 27.Bxd4 Qxd4 28.Rcf1 Qe3 29.Nc1
Qg3+ 30.Kh1 Rfe8 31.Qb2 Re7 32.Qd4 Rce8 33.Bd1 Bc8 34.Bc2 e3 35.Ne2 Qf2 
36.Rxf2 exf2 37.Rf1 Rxe2 38.Rxf2 Re1+ 39.Kh2 Rc1 40.g3 Ree1 41.gxh4 Rh1+ 
42.Kg3 Rhg1+ 43.Kf3 Rh1 44.Qh8 Bd7 45.Qh7+ Kf6 46.Re2 Rcf1+ 47.Ke3 Re1 48.
Rxe1 Rxe1+ 49.Kd2 Rg1 50.Qh8+ Kf7 51.h5 Rg2+ 52.Kc1 gxh5 53.Qxh5+ Ke7 54.
Qf3 Rh2 55.Qg3 Rh1+ 56.Kb2 Kd8 57.Qg2 Re1 58.h4 1-0

[Event "26th EUR-ch"]
[Site "Katowice POL"]
[Date "2026.04.08"]
[Round "2.93"]
[White "Dotzer, Lukas"]
[Black "Hnydiuk, Aleksander"]
[Result "1-0"]
[WhiteElo "2469"]
[BlackElo "2314"]
[EventDate "2026.04.07"]
[PlyCount "77"]

1.e4 e5 2.Nf3 Nf6 3.Nxe5 d6 4.Nc4 Nxe4 5.Qe2 Qe7 6.Ne3 Nf6 7.d4 d5 8.Nd2 
g6 9.b3 Be6 10.g3 Bg7 11.a4 Nc6 12.c3 Ne4 13.Nxe4 dxe4 14.Ba3 Qd7 15.Qc2 
O-O-O 16.O-O-O Bg4 17.Nxg4 Qxg4 18.Kb1 Rhe8 19.Bc4 Qd7 20.d5 Ne5 21.Bb5 
Qf5 22.Bxe8 Rxe8 23.Rhe1 Nf3 24.Re2 Nxh2 25.Rh1 Ng4 26.Rxh7 Bh6 27.d6 g5 
28.Rxh6 Nxh6 29.dxc7 Kxc7 30.Ka2 Ng4 31.c4 Qf3 32.Qd2 Qd3 33.Qa5+ b6 34.
Qxa7+ Kc6 35.Rb2 Qd7 36.Qa6 Re5 37.c5 Qb7 38.Qb5+ Kc7 39.cxb6+ 1-0

[Event "26th EUR-ch"]
[Site "Katowice POL"]
[Date "2026.04.08"]
[Round "2.94"]
[White "David, Alexandru-Vasile"]
[Black "Mosesov, Danyil"]
[Result "1/2-1/2"]
[WhiteElo "2314"]
[BlackElo "2464"]
[EventDate "2026.04.07"]
[PlyCount "79"]

1.d4 Nf6 2.c4 e6 3.Nc3 Bb4 4.e3 O-O 5.Bd3 c5 6.Ne2 d5 7.cxd5 cxd4 8.exd4 
Nxd5 9.O-O Nf6 10.Ne4 Nbd7 11.N2c3 Be7 12.Re1 Nb6 13.Bf4 Qxd4 14.Nxf6+ 
Bxf6 15.Ne4 Be7 16.Bd6 Bxd6 17.Nxd6 e5 18.Nb5 Qf4 19.g3 Qg5 20.Be4 Bd7 21.
Nd6 Bc6 22.Qc1 Qf6 23.Bxc6 bxc6 24.Qxc6 Rad8 25.Rad1 h5 26.h4 Rd7 27.Qc5 
Rfd8 28.Ne4 Qf5 29.Rxd7 Rxd7 30.Nc3 f6 31.a4 Qe6 32.a5 Nc4 33.Rd1 Rxd1+ 
34.Nxd1 a6 35.Ne3 Nxe3 36.Qxe3 Qd5 37.Qb6 Qd1+ 38.Kh2 Qe2 39.b4 e4 40.Kg1 
1/2-1/2

[Event "26th EUR-ch"]
[Site "Katowice POL"]
[Date "2026.04.08"]
[Round "2.95"]
[White "Blomqvist, Erik"]
[Black "Kejna, Piotr"]
[Result "1/2-1/2"]
[WhiteElo "2463"]
[BlackElo "2311"]
[EventDate "2026.04.07"]
[PlyCount "65"]

1.e4 c5 2.Nf3 d6 3.d4 cxd4 4.Nxd4 Nf6 5.Nc3 Nc6 6.Bg5 Bd7 7.Qd2 Rc8 8.f3 
Nxd4 9.Qxd4 Qa5 10.h4 e5 11.Qd2 Nh5 12.Bd3 Ng3 13.Rh2 f5 14.Nd5 Qxd2+ 15.
Kxd2 f4 16.h5 h6 17.Bh4 Be6 18.Bxg3 fxg3 19.Rh4 Be7 20.Nxe7 Kxe7 21.Ke3 g5
22.hxg6 Rcg8 23.f4 exf4+ 24.Rxf4 Rxg6 25.e5 Rg5 26.exd6+ Kxd6 27.Rd1 Kc7 
28.Bc4 Bc8 29.Rd5 Rg7 30.Rh5 b6 31.Bd5 Bg4 32.Rh4 h5 33.Bf3 1/2-1/2

[Event "26th EUR-ch"]
[Site "Katowice POL"]
[Date "2026.04.08"]
[Round "2.96"]
[White "Haring, Filip"]
[Black "Dovgaliuk, Oleksandr"]
[Result "1/2-1/2"]
[WhiteElo "2461"]
[BlackElo "2309"]
[EventDate "2026.04.07"]
[PlyCount "91"]

1.e4 c5 2.Nf3 d6 3.d4 cxd4 4.Nxd4 Nf6 5.Nc3 a6 6.f3 e5 7.Nb3 Be6 8.Be3 h5 
9.Qd2 Nbd7 10.Nd5 Bxd5 11.exd5 g6 12.O-O-O Nb6 13.Kb1 Nbxd5 14.Bg5 Be7 15.
h4 Qc7 16.Bd3 Nb6 17.Rhe1 O-O-O 18.c4 Kb8 19.Rc1 Na4 20.g3 Rhe8 21.Be3 Nc5
22.Bf1 e4 23.Bf4 Ka8 24.Qc3 Ne6 25.fxe4 Nxf4 26.gxf4 Nd7 27.Bg2 Bxh4 28.
Red1 Nc5 29.Nxc5 dxc5 30.e5 Rxd1 31.Rxd1 Rd8 32.Bd5 Bf2 33.Qf3 Bd4 34.Rd3 
Ka7 35.Rb3 b6 36.Ra3 a5 37.Rb3 Re8 38.a3 Re7 39.Qg3 Qd7 40.Qg5 a4 41.Rd3 
Qc7 42.Qf6 Rd7 43.Qh8 Qb8 44.Qf6 Qc7 45.Qh8 Qb8 46.Qf6 1/2-1/2

[Event "26th EUR-ch"]
[Site "Katowice POL"]
[Date "2026.04.08"]
[Round "2.97"]
[White "Lyakh, Vasiliy"]
[Black "Culum, Sanjin"]
[Result "1-0"]
[WhiteElo "2314"]
[BlackElo "2460"]
[EventDate "2026.04.07"]
[PlyCount "177"]

1.d4 Nf6 2.c4 e6 3.Nc3 Bb4 4.Qc2 h6 5.Nf3 d5 6.cxd5 exd5 7.Bf4 O-O 8.e3 b6
9.a3 Bxc3+ 10.Qxc3 c5 11.Bd3 Ba6 12.Bxa6 Nxa6 13.dxc5 bxc5 14.O-O Qb6 15.
Rfd1 Rfd8 16.Rac1 Ne4 17.Qc2 c4 18.Nd2 Nxd2 19.Rxd2 Nc5 20.Rcd1 Qe6 21.h3 
Rac8 22.Re2 Rc6 23.Qc3 Nd3 24.Bg3 d4 25.Qd2 Rb6 26.b4 Re8 27.Kf1 Qd5 28.
exd4 Rxe2 29.Qxe2 Re6 30.Qd2 Qxd4 31.b5 Re7 32.a4 Rd7 33.Kg1 c3 34.Qe2 Kh7
35.a5 f5 36.Qc2 Qe4 37.f3 Qd4+ 38.Bf2 Qc4 39.b6 axb6 40.axb6 Qb5 41.Rb1 
Qd5 42.b7 Rxb7 43.Rxb7 Nxf2 44.Rb1 Nd3 45.Qxc3 Nf4 46.Qc2 Qe5 47.Qd2 Qc5+ 
48.Qf2 Qd6 49.Qe3 Nh5 50.Re1 Qg3 51.Qe5 Qg5 52.h4 Qxh4 53.Qxf5+ g6 54.Qd7+
Ng7 55.Re7 Qf6 56.Qc7 Qd4+ 57.Kf1 Qd1+ 58.Kf2 Qd2+ 59.Re2 Qd4+ 60.Ke1 Qa1+
61.Kd2 Qb2+ 62.Qc2 Qd4+ 63.Qd3 Qb2+ 64.Ke1 Qc1+ 65.Kf2 Qf4 66.Qe4 Qd6 67.
Qe5 Qb6+ 68.Qe3 Qf6 69.Rd2 Qc6 70.Qd4 Qe6 71.Rb2 Qf7 72.Rb8 Qc7 73.Ra8 
Qc2+ 74.Kg1 Qc1+ 75.Kh2 Qc7+ 76.f4 Qe7 77.Qd8 Qxd8 78.Rxd8 h5 79.Rd7 Kh6 
80.Kg3 Nf5+ 81.Kf2 Ng7 82.Kf3 Nf5 83.Ke4 Nh4 84.Rd2 Nf5 85.Ke5 Ne3 86.Kf6 
h4 87.Re2 Ng4+ 88.Kf7 Kh5 89.Re5+ 1-0

[Event "26th EUR-ch"]
[Site "Katowice POL"]
[Date "2026.04.08"]
[Round "2.98"]
[White "Diachek, Andrii"]
[Black "Druska, Juraj"]
[Result "1/2-1/2"]
[WhiteElo "2309"]
[BlackElo "2458"]
[EventDate "2026.04.07"]
[PlyCount "186"]

1.c4 e6 2.g3 d5 3.Bg2 dxc4 4.Qa4+ Nd7 5.Qxc4 c5 6.Nf3 b6 7.Nd4 Ne5 8.Nc6 
Nxc4 9.Nxd8 Rb8 10.Nc6 Bb7 11.O-O Ra8 12.b3 Ne7 13.Nxe7 Bxg2 14.Kxg2 Na5 
15.Bb2 Kxe7 16.d4 cxd4 17.Bxd4 Rd8 18.Bc3 Nb7 19.Na3 f6 20.Rfd1 Rc8 21.
Bb4+ Nc5 22.Nb5 a5 23.Ba3 Kf7 24.Rac1 Rc6 25.Bxc5 bxc5 26.Rd7+ Be7 27.Ra7 
Rd8 28.Rc2 e5 29.Rxa5 Rd7 30.Na3 e4 31.b4 c4 32.b5 Rc5 33.Rxc4 Re5 34.Nc2 
Bd8 35.Ra8 Rxb5 36.Rxe4 Rb2 37.Ne1 f5 38.Re5 Bf6 39.Re3 Rdd2 40.Ra7+ Kg6 
41.Nd3 Rxa2 42.Nf4+ Kh6 43.Rxa2 Rxa2 44.Re6 Ra7 45.h3 Rf7 46.g4 g6 47.gxf5
Bg5 48.Nxg6 hxg6 49.Rxg6+ Kh5 50.e4 Ra7 51.Rg8 Bf4 52.Rg4 Bh6 53.Kg3 Ra3+ 
54.f3 Bd2 55.f6 Be1+ 56.Kg2 Ra2+ 57.Kg1 Bf2+ 58.Kh1 Ra7 59.e5 Bh4 60.f4 
Bxf6 61.exf6 Rf7 62.Kg2 Rxf6 63.Kg3 Ra6 64.Rg5+ Kh6 65.Kg4 Ra1 66.h4 Rg1+ 
67.Kf5 Rh1 68.Rg6+ Kh7 69.Rg4 Kh6 70.Kf6 Ra1 71.Rg8 Ra6+ 72.Kf5 Ra5+ 73.
Kg4 Rb5 74.Rh8+ Kg6 75.h5+ Kg7 76.Ra8 Rb1 77.Ra7+ Kh6 78.Ra6+ Kg7 79.Kg5 
Rg1+ 80.Kf5 Rh1 81.h6+ Kh7 82.Rf6 Ra1 83.Re6 Rf1 84.Ke5 Re1+ 85.Kf6 Ra1 
86.f5 Kxh6 87.Rd6 Ra7 88.Ke6 Kg7 89.Rc6 Rb7 90.Rd6 Ra7 91.f6+ Kg6 92.Rb6 
Rf7 93.Ke5 Ra7 1/2-1/2

[Event "26th EUR-ch"]
[Site "Katowice POL"]
[Date "2026.04.08"]
[Round "2.99"]
[White "Tudor, Henry Edward"]
[Black "Tsaknakis, Zisis"]
[Result "1-0"]
[WhiteElo "2457"]
[BlackElo "2307"]
[EventDate "2026.04.07"]
[PlyCount "119"]

1.d4 d5 2.c4 e6 3.Nc3 Nf6 4.cxd5 exd5 5.Bg5 c6 6.e3 Bf5 7.Qf3 Bg6 8.Bxf6 
Qxf6 9.Qxf6 gxf6 10.Nf3 Nd7 11.Nh4 Bb4 12.Rc1 Nb6 13.a3 Bxc3+ 14.Rxc3 Na4 
15.Rc1 Nxb2 16.Nxg6 hxg6 17.Rb1 Na4 18.Rxb7 O-O 19.Rb4 Nc3 20.Bd3 Rfb8 21.
Kd2 Nb5 22.Rhb1 Rb6 23.Bxb5 cxb5 24.Rxb5 Ra6 25.Ra1 Rd8 26.a4 f5 27.a5 Kg7
28.Rc1 f4 29.exf4 Rf6 30.g3 g5 31.Rcc5 Rf5 32.f3 a6 33.Rb2 Rh8 34.Ke3 
gxf4+ 35.gxf4 Re8+ 36.Kf2 Rh5 37.Kg3 Rg8 38.Rg2 Kf6+ 39.Kf2 Rb8 40.Rc6+ 
Ke7 41.Rxa6 Rh3 42.Rb6 Rc8 43.Rb1 Rc3 44.Ra1 Rhxf3+ 45.Kg1 Rc7 46.a6 Ra7 
47.Rb2 Kd7 48.Rb6 Rxf4 49.Rf1 Rg4+ 50.Kh1 Kc8 51.Rc1+ Kd8 52.Rb8+ Kd7 53.
Rb7+ Rxb7 54.axb7 Rg8 55.Rb1 Rb8 56.Kg2 Kc7 57.Kf3 Rh8 58.b8=Q+ Rxb8 59.
Rxb8 Kxb8 60.h4 1-0

[Event "26th EUR-ch"]
[Site "Katowice POL"]
[Date "2026.04.08"]
[Round "2.100"]
[White "Sapocinic, Semion"]
[Black "Palczert, Matyas"]
[Result "1/2-1/2"]
[WhiteElo "2307"]
[BlackElo "2457"]
[EventDate "2026.04.07"]
[PlyCount "73"]

1.d4 Nf6 2.c4 e6 3.Nf3 d5 4.Nc3 Bb4 5.cxd5 exd5 6.Bg5 h6 7.Bxf6 Qxf6 8.Qb3
Qb6 9.a3 Ba5 10.Qc2 Bf5 11.Qa4+ Bd7 12.Qc2 Bxc3+ 13.Qxc3 O-O 14.e3 Bf5 15.
Ne5 a5 16.Be2 a4 17.Qb4 Qxb4+ 18.axb4 f6 19.Nf3 c6 20.Kd2 Nd7 21.Rhc1 Rfc8
22.Nh4 Be6 23.Bd3 Nb6 24.Ng6 Kf7 25.Nf4 Nd7 26.Ra3 Ke7 27.Rac3 g5 28.Nxe6 
Kxe6 29.b5 Kd6 30.bxc6 Rxc6 31.Rxc6+ bxc6 32.Ra1 c5 33.Bc2 cxd4 34.exd4 
Nb6 35.b3 axb3 36.Rxa8 Nxa8 37.Bxb3 1/2-1/2

[Event "26th EUR-ch"]
[Site "Katowice POL"]
[Date "2026.04.08"]
[Round "2.101"]
[White "Bodrogi, Bendeguz"]
[Black "Fruebing, Stefan"]
[Result "1-0"]
[WhiteElo "2454"]
[BlackElo "2304"]
[EventDate "2026.04.07"]
[PlyCount "91"]

1.c4 e5 2.Nc3 Bb4 3.Nd5 a5 4.Nf3 d6 5.a3 Bc5 6.e3 Nd7 7.d4 Ba7 8.b4 c6 9.
Nc3 Ngf6 10.Bb2 O-O 11.Be2 Bb8 12.d5 e4 13.Nd2 Re8 14.O-O Qe7 15.Qc2 h5 
16.Nb3 axb4 17.axb4 Rxa1 18.Rxa1 h4 19.dxc6 bxc6 20.Na5 c5 21.Nc6 Qe6 22.
Nxb8 Nxb8 23.b5 Nbd7 24.h3 Bb7 25.Ra7 Rb8 26.Qa4 Nb6 27.Qa5 Nfd7 28.Na4 
Nxa4 29.Qxa4 Nb6 30.Qa5 d5 31.cxd5 Bxd5 32.Qc3 f6 33.Qxc5 Rc8 34.Qd4 Rc2 
35.Bg4 Qe5 36.Qxe5 fxe5 37.Bxe5 Nc4 38.Bd4 Rc1+ 39.Kh2 Nd2 40.Ra1 Rc2 41.
Bd1 Rc7 42.b6 Rf7 43.Ra5 Bb7 44.Kg1 Kh7 45.Rh5+ Kg6 46.Rxh4 1-0

[Event "26th EUR-ch"]
[Site "Katowice POL"]
[Date "2026.04.08"]
[Round "2.102"]
[White "Vasynda, Oleksandr"]
[Black "Tutisani, Noe"]
[Result "0-1"]
[WhiteElo "2306"]
[BlackElo "2454"]
[EventDate "2026.04.07"]
[PlyCount "74"]

1.d4 Nf6 2.c4 c6 3.Nc3 d5 4.Nf3 dxc4 5.a4 a5 6.e3 Bg4 7.Bxc4 e6 8.h3 Bh5 
9.Be2 Nbd7 10.O-O Bb4 11.Qc2 O-O 12.Rd1 Qe7 13.e4 e5 14.Bg5 exd4 15.Rxd4 
h6 16.Bf4 Bxf3 17.Bxf3 Ne5 18.Bxe5 Qxe5 19.Rad1 Rfe8 20.Ne2 Bc5 21.Rc4 Ba7
22.b4 Rad8 23.Rb1 b5 24.Rxc6 Nxe4 25.Bxe4 Qxe4 26.Qxe4 Rxe4 27.axb5 Rxe2 
28.b6 Bb8 29.bxa5 Ra2 30.Rc5 Kh7 31.b7 Rdd2 32.Rc8 Rdb2 33.Rcc1 Rxf2 34.
Rc8 Rxg2+ 35.Kh1 Rh2+ 36.Kg1 Ba7+ 37.Rb6 Rhb2 0-1